| 000 | 00850nac a22002777a 4500 | ||
|---|---|---|---|
| 001 | BR9100135 | ||
| 003 | BR-BrBNA | ||
| 005 | 20240105121135.0 | ||
| 008 | 230509b bl.|||m| |||| 00| 0 por d | ||
| 040 |
_aBR-BrBNA _bpor _cBiblioteca Nacional de Agricultura |
||
| 072 | _aF01 | ||
| 090 | _a0336 BR9100135 | ||
| 100 | 1 | _aBonato, E.R. | |
| 100 | 1 | _aBonato, A.L.V. | |
| 110 | 1 |
_aCentro Nacional de Pesquisa de Soja, Londrina, PR (Brasil) _91793 |
|
| 245 | 1 | _aA soja no Brasil; historia e estatistica | |
| 260 | 3 |
_aLondrina, PR (Brasil): _c1987. |
|
| 300 | _a61 p. | ||
| 490 |
_aDocumentos - Centro Nacional de Pesquisa de Soja (Brazil) _vno. 21 _xISSN 0101-5494 |
||
| 500 | _a49 ref. | ||
| 650 | _aSOJA | ||
| 650 | _aPRODUCAO VEGETAL | ||
| 650 | _aESTATISTICA | ||
| 909 |
_a202312 _bLúcia Elande _c55 _dLúcia Elande |
||
| 942 |
_2AGRIS _n0 _cMS |
||
| 999 |
_c283540 _d283540 |
||